|
|
|
|
| LEADER |
00797nmm a2200229 a 4500 |
| 001 |
0000064648 |
| 005 |
20030609090000.0 |
| 040 |
|
|
|a mod
|
| 041 |
|
|
|a eng
|
| 020 |
0 |
0 |
|a 1903450624
|
| 090 |
0 |
0 |
|a 006.6869
|b NEW
|e 2001
|
| 100 |
1 |
0 |
|a Bird
|h Tim
|
| 245 |
1 |
0 |
|a New masters of photoshop
|b underground
|c Tim Bird ..[et.al]
|
| 260 |
0 |
0 |
|a USA
|b Friendsof
|c 2001
|
| 300 |
0 |
0 |
|a 529 p.
|b ill. (some col.)
|c 23 cm. + 1 computer optical disc (4 3/4 in.)
|
| 500 |
0 |
0 |
|a Includes index.
|
| 650 |
0 |
0 |
|a Image processing Digital techniques.
|
| 650 |
0 |
0 |
|a Photography Digital techniques.
|
| 650 |
0 |
0 |
|a Graphic arts.
|
| 852 |
0 |
0 |
|a 01
|
| 999 |
|
|
|a 01727
|b KEMENTAH
|d COMPACT DISC
|e Sumber Media
|f Perpustakaan KEMENTAH
|j AVAILABLE
|q GOOD CONDITION
|
| 999 |
|
|
|a 0208838
|b KEMENTAH
|d BOOKS
|e Rujukan
|f Perpustakaan KEMENTAH
|j AVAILABLE
|q GOOD CONDITION
|